000 00601nam a2200205Ia 4500
005 20250508164637.0
008 008 250505s9999 xx 000 0 eng d
020 _a978-0-415-41338-1
037 _aReference
040 _aFEDL
_beng
_cFEDL
041 _aeng
_2eng
084 _a375, MCK/RR
_qFEDL
100 _aMcKernan James
_9778716
245 0 _aCurriculum and imagination: Process theory, pedagogy and action research
260 _aLondon, UK
_bRoutledge
_c2008
300 _axviii,240p.
365 _aGBP
_b23.99
942 _cREF
_h375, MCK/RR
999 _c1390304
_d1390304